| 000 | 01171nam a2200301Ia 4500 | ||
|---|---|---|---|
| 003 | OSt | ||
| 005 | 20221007123324.0 | ||
| 006 | a|||||r|||| 00| 0 | ||
| 007 | ta | ||
| 008 | 221006b |||||||| |||| 00| 0 eng d | ||
| 020 |
_a0387986472 (New York:hbd) _cDM 89.00 |
||
| 024 | _a6552 | ||
| 037 |
_bAshutosh, _cTextual |
||
| 040 |
_aPAPL _cPAPL _beng |
||
| 041 |
_2eng _aeng |
||
| 082 | _aCN1:(B6), N9 | ||
| 100 |
_aHladik Jean _9717084 |
||
| 245 | 0 | _aSpinors in physics by Jean Hladik. Tr by J Michael Cole | |
| 260 |
_aNew _bYork Springer _c1999 |
||
| 300 |
_axi,226p _ccm. |
||
| 490 |
_vTr of French text:Les spineures en physique _aGraduate texts in contemporary physics |
||
| 500 | _aAppendix A.1-A.6, 197-219p; Bibliographcal references 221-222p; Index 223-226p; ^n23/CSL/CARPA/DSA/99-2000/933^d2000-03-25^mPurchase; ; 99-2000/464^b2000-03-29^cATB/147^d2000-03-25^eRs.4,054.70^fAshutosh Technical Books; ; 2000-04-19^c2000-06-17^dRPS^r2000-07-17 | ||
| 650 | _a Quantum mechanics | ||
| 650 |
_a Spinor analysis _9717085 |
||
| 650 | _aPhysics | ||
| 942 |
_hCN1:(B6), N9 _cTEXL _2CC |
||
| 999 |
_c1211694 _d1211694 |
||